000 00627nam a22002177a 4500
003 UA-OsUOA
001 87544
007 ta
008 20120919b un ||||| |||| 00| 0 ukr d
100 _aСкорук О.П.
090 _a330(477)
_bС44
942 _cSA
040 _aUA-OsUOA
_bukr
_cUA-OsUOA
_dUA-OsUOA
245 _aАльтернативна енергетика України: перспективи розвитку
300 _aС.28-33
955 _a0
041 _aukr
080 _a330(477)
773 0 _w87541
_tЕкономіка АПК
_dК.
_d2012
_g9
650 7 _a330 Економіка взагалі
_2UDC
999 _c373960
_d373960